000
00246 a2200085 4500
999
_c
215162
_d
215162
020
_a
3406384471
100
_a
Jarass, Hans. D
245
_a
Grundgesetz Fur Die Bundersrepublik Deutschland
260
_b
C.H Beck'sche Verlagsbuchhandlung : Munchin
_c
1995